Missing Word: Jones in the Movies Quiz Stats

 Plays Quiz Updated Jun 17, 2018

Challenge
Share
Tweet
Embed
Score 0/20 Timer 03:00
1 Play Today
Hint % Correct
Tommy Lee JonesBlack
97.9%
James Earl JonesDreams
96.2%
James Earl JonesBarbarian
95.7%
Tommy Lee JonesCountry
95.6%
James Earl JonesKing
95.5%
Tommy Lee JonesBorn
94.3%
James Earl JonesAmerica
92%
Jennifer JonesWent
88.5%
Jennifer JonesLove
88.3%
James Earl JonesGreat
87.2%
Hint % Correct
January JonesAnger
85.2%
January JonesFirst
81%
January JonesAre
80.6%
January JonesActually
74.9%
Jennifer JonesBovary
64.5%
Tommy Lee JonesAvenger
54.4%
Jennifer JonesSun
37.3%
Tommy Lee JonesValley
36.5%
Jennifer JonesSong
34.5%
January JonesAmerican
25.6%

Today's Daily Dose

You're not logged in!

Compare scores with friends on all Sporcle quizzes.
Join for Free
OR
Log In

You Might Also Like...

Show Comments

Extras

Top Quizzes Today


Score Distribution

Your Account Isn't Verified!

In order to create a playlist on Sporcle, you need to verify the email address you used during registration. Go to your Sporcle Settings to finish the process.

Report this User

Report this user for behavior that violates our Community Guidelines.

Details: